Manual de Economía Política (Registro nro. 4572)

Detalles MARC
000 -LEADER
fixed length control field 01696 a2200229 4500
001 - CONTROL NUMBER
control field 48362
005 - DATE AND TIME OF LATEST TRANSACTION
control field 20260407155748.0
008 - FIXED-LENGTH DATA ELEMENTS--GENERAL INFORMATION
fixed length control field 260407a1985 arg spa d
003 - CONTROL NUMBER IDENTIFIER
control field AR-UNSa-BCEJYS
040 ## - CATALOGING SOURCE
Original cataloging agency AR-UNSa-BCEJYS
Language of cataloging spa
Transcribing agency AR-UNSa-BCEJYS
080 ## - UNIVERSAL DECIMAL CLASSIFICATION NUMBER
Universal Decimal Classification number 330.101
Common auxiliary subdivision Ciencia económica en general. La economía y sus problemas. Objeto y métodos de la economía política
020 ## - INTERNATIONAL STANDARD BOOK NUMBER
International Standard Book Number 978-950-572-033-0
100 1# - MAIN ENTRY--PERSONAL NAME
Personal name Cornejo, Benjamín
245 10 - TITLE STATEMENT
Title Manual de Economía Política
264 #1 - PRODUCTION, PUBLICATION, DISTRIBUTION, MANUFACTURE, AND COPYRIGHT NOTICE
Place of production, publication, distribution, manufacture Buenos Aires :
Name of producer, publisher, distributor, manufacturer Víctor P. de Zavalía
Date of production, publication, distribution, manufacture, or copyright notice 1985
300 ## - PHYSICAL DESCRIPTION
Extent 460 p.
Dimensions 23 cm.
505 ## - FORMATTED CONTENTS NOTE
Formatted contents note PARTE I: La ciencia económica: 1. El mundo de los fenómenos económicos - 2. La ciencia económica - 3. Fines y medios. Economía política y política económica - 4. La metodología de la ciencia económica - PARTE II: La actividad económica: 5. Las bases naturales, psicológicas y técnicas de la actividad económica - 6. Los factores de la producción y la productividad - 7. La organización económica de la sociedad - PARTE III: 8. El mundo de los empresarios - 9. Elementos básicos de la teoría de los precios - 10. El equilibrio de la firma - 11. Formación del precio en los diferentes mercados - 12. El estado y los precios - 13. La formación del precio de los servicios productivos - PARTE IV: La macroeconomía: 14. La renta nacional - 15. Algunas variables macroeconómicas - 16. El nivel de la actividad económica - 17. Los sectores de la economía y el nivel de actividad.
590 ## - LOCAL NOTE (RLIN)
Local note niveau_biblio:m niveau_hierar:0
700 1# - ADDED ENTRY--PERSONAL NAME
Personal name Iturrioz, Eulogio
856 41 - ELECTRONIC LOCATION AND ACCESS
Uniform Resource Identifier <a href="https://www.biblioeco.unsa.edu.ar/pmb/images/libros/L45459.jpg">https://www.biblioeco.unsa.edu.ar/pmb/images/libros/L45459.jpg</a>
Link text Imagen de portada
Electronic format type image/jpeg
942 ## - ADDED ENTRY ELEMENTS (KOHA)
Koha item type
Existencias
Withdrawn status Lost status Damaged status Not for loan Home library Current library Shelving location Date acquired Total checkouts Full call number Barcode Date last seen Price effective from Koha item type
        Biblioteca Prof. Eusebio Cleto del Rey Biblioteca Prof. Eusebio Cleto del Rey   07/04/2026   330.101 C813 L45459 07/04/2026 07/04/2026 Libro
        Biblioteca Prof. Eusebio Cleto del Rey Biblioteca Prof. Eusebio Cleto del Rey   07/04/2026   330.101 C813 L22071 07/04/2026 07/04/2026 Libro
        Biblioteca Prof. Eusebio Cleto del Rey Biblioteca Prof. Eusebio Cleto del Rey   07/04/2026   330.101 C813 L21505 07/04/2026 07/04/2026 Libro